| 000 | 00447nam a22001697a 4500 | ||
|---|---|---|---|
| 008 | 220831b |||||||| |||| 00| 0 eng d | ||
| 020 | _a0415211581 | ||
| 050 |
_aBF176 _b.K55 2000 C.1 |
||
| 100 | _aKline, Paul | ||
| 245 |
_aThe handbook of pyschology testing/ _cPaul Kline |
||
| 250 | _a2nd ed. | ||
| 260 |
_aNew York _bRoutledge _c2000 |
||
| 300 | _avii, 744p. | ||
| 650 | _aPsychological tests | ||
| 650 | _aPsychometrics | ||
| 942 |
_2lcc _cBK |
||
| 999 |
_c19468 _d19467 |
||